000 00388cam a2200157ua 4500
041 _amal
_h
082 _a894.812301
_bVAR/NJ
100 _aVarkey, Ponkunnam.
245 _aNjanorathikappattane /
_cPonkunnam Varkey.
_hTextual Documents
250 _a1 /
_b.
260 _aThrissur :
_bCurrent Books ,
_c1963.
300 _a92 ; .
504 _a
942 _cBK
999 _c11528
_d11528